000 00330nam a2200133 i 4500
001 bg
100 1 _aKANTOR, B. J.
245 0 _aNelinejnye zadaci teorii neodnorodnych pologich obolocek /
_cB.J. Kantor.
260 _aKiev,
_c1971.
040 _cBPK
041 _apol
942 _cKS
008 s pl f |000 0 pol
999 _c13771
_d13771
856 _uhttp://koha.tu.koszalin.pl/cgi-bin/koha/opac-detail.pl?biblionumber=13771
_yKatalog online BPK